| 000 | 01368cam a2200337 a 4500 | ||
|---|---|---|---|
| 003 | OSt | ||
| 005 | 20230203105605.0 | ||
| 008 | 070223s2007 nyua e bf 001 0 eng d | ||
| 010 | _a07008030 | ||
| 020 | _a0393337082 | ||
| 040 |
_aLIV _beng _cLIV |
||
| 050 |
_aPE1408 _b.L37 2007 |
||
| 090 | _a808.042 LAP | ||
| 100 | 1 |
_aLaPlante, Alice, _d1958- |
|
| 245 | 1 | 4 |
_aThe making of a story : _ba Norton guide to creative writing / _cAlice LaPlante. |
| 264 | 1 |
_aNew York, NY : _bW.W. Norton, _c2007. |
|
| 300 | _a677 p. | ||
| 336 |
_atext _btxt _2rdacontent. |
||
| 337 |
_aunmediated _bn _2rdamedia. |
||
| 338 |
_avolume _bnc _2rdacarrier. |
||
| 504 | _aIncludes bibliographical references and index. | ||
| 520 | _aAn introduction to the fundamentals of creative writing, both fiction and nonfiction, takes aspiring writers through each stage of the creative process, from initial idea to final manuscript, accompanied by examples of short fiction and essays. | ||
| 650 | 0 |
_aEnglish language _xRhetoric _vHandbooks, manuals, etc. |
|
| 650 | 0 |
_aEnglish language _xStyle _vHandbooks, manuals, etc. |
|
| 650 | 0 |
_aCreative writing _vHandbooks, manuals, etc. |
|
| 650 | 0 |
_aReport writing _vHandbooks, manuals, etc. |
|
| 655 | 7 |
_aHandbooks and manuals. _2lcgft. |
|
| 907 |
_a.b14274838 _b07-05-18 _c08-27-07 |
||
| 907 |
_a.b14274838 _b08-29-07 _c08-27-07 |
||
| 942 |
_2lcc _cBK |
||
| 999 |
_c19912 _d19911 |
||